000 00465nam a2200181Ia 4500
008 151121s9999||||xx |||||||||||||| ||und||
082 _a823/Smi
082 _bHNW-59091
100 _aSmith W।
245 _aGold Mine W।S।-4-Novels
260 _b"The Octopus group Ltd।,London"
260 _c--
600 _aSmith W।
630 _aGold Mine W।S।-4-Novels
700 _aSmith W।
730 _aGold Mine W।S।-4-Novels
942 _cBOOK
999 _c1240876
_d1240873